| 000 | 00887nam a2200169Ia 4500 | ||
|---|---|---|---|
| 005 | 20250630125006.0 | ||
| 008 | 250630s9999 xx 000 0 und d | ||
| 020 | _a9780710307156 | ||
| 082 |
_a914.9618044 _bSUM |
||
| 100 | _aSumner-Boyd, Hilary | ||
| 245 | 0 | _aStrolling Through Istanbul | |
| 260 |
_bRoutledge _c2003 |
||
| 300 | _a537 pages | ||
| 500 | _aLong acknowledged to be the "best travel guide to Istanbul" ( Timesof London) this classic work shows Istanbul the way it is seen at its best--on foot. An informative guide and ideal companion, it describes major monuments in detail with reference to history and architecture. Although the main emphasis of the book is on Byzantine and Ottoman antiquities, Istanbul is not treated as a museum but as a living city, full of delights. Detailed walking itineraries are provided. | ||
| 650 | _aSocial Science | ||
| 942 | _cENGLISH | ||
| 999 |
_c574353 _d574353 |
||